000 00501nam a2200181Ia 4500
005 20250508154300.0
008 008 250505s9999 xx 000 0 eng d
037 _aTextual
040 _aFEDL
_beng
_cFEDL
041 _aeng
_2eng
084 _a371.95, TOR
_qFEDL
100 _aTorrance E Paul
245 0 _aGifted children in the classroom
260 _aNew York, USA
_bThe Macmillan Company
_c1965
300 _a101p.
942 _cTEXL
_h371.95, TOR
999 _c1349350
_d1349350